[Event "Schweinfurt op 26th"]
[Site "Schweinfurt"]
[Date "2016.05.28"]
[Round "5"]
[White "Hohner, Karl Heinz"]
[Black "Hansen, Klaus Bjerre"]
[Result "1-0"]
[WhiteElo "1883"]
[BlackElo "1736"]
[PlyCount "27"]
[EventDate "2016.05.26"]
[EventType "swiss"]
[EventRounds "7"]
[EventCountry "GER"]
[SourceTitle "CBM 172 Extra"]
[Source "ChessBase"]
[SourceDate "2016.06.21"]
[SourceVersion "1"]
[SourceVersionDate "2016.06.21"]
[SourceQuality "1"]

1. e4 c5 2. Nc3 d6 3. f4 Nc6 4. Nf3 g6 5. Bc4 Bg7 6. 0-0 Nf6 7. d3 0-0 8. Qe1 a6 9. Qh4 e6 10. Bb3 Qc7 11. f5 exf5 12. Bg5 Nh5 13. exf5 Kh8 14. f6 1-0

[Event "Bayern-ch Seniors 24nd"]
[Site "Bergen"]
[Date "2012.06.22"]
[Round "7"]
[White "Reinhold, Klaus"]
[Black "Hansen, Klaus Bjerre"]
[Result "1-0"]
[WhiteElo "1929"]
[BlackElo "1655"]
[PlyCount "23"]
[EventDate "2012.06.16"]
[EventType "swiss"]
[EventRounds "9"]
[EventCountry "GER"]
[SourceTitle "EXT 2015"]
[Source "ChessBase"]
[SourceDate "2014.11.20"]
[SourceVersion "1"]
[SourceVersionDate "2014.11.20"]
[SourceQuality "1"]

1. d4 Nf6 2. c4 e5 3. dxe5 Ng4 4. Bf4 Nc6 5. Nf3 Bc5 6. e3 Qe7 7. Qd5 Nb4 8. Qd2 Nc6 9. Nc3 Ngxe5 10. Nxe5 Nxe5 11. Nd5 Qd6 12. b4 1-0

[Event "Bayern-ch Seniors 24nd"]
[Site "Bergen"]
[Date "2012.06.17"]
[Round "2"]
[White "Alefs, Willi"]
[Black "Hansen, Klaus Bjerre"]
[Result "1-0"]
[WhiteElo "1576"]
[BlackElo "1655"]
[PlyCount "89"]
[EventDate "2012.06.16"]
[EventType "swiss"]
[EventRounds "9"]
[EventCountry "GER"]
[SourceTitle "EXT 2015"]
[Source "ChessBase"]
[SourceDate "2014.11.20"]
[SourceVersion "1"]
[SourceVersionDate "2014.11.20"]
[SourceQuality "1"]

1. c4 Nf6 2. Nf3 e6 3. Nc3 d5 4. e3 Be7 5. b3 Nbd7 6. Bb2 b6 7. Qc2 Bb7 8. d4 0-0 9. Bd3 g6 10. cxd5 exd5 11. h4 Ne8 12. 0-0-0 f5 13. h5 Ng7 14. hxg6 hxg6 15. Rh6 Rf6 16. Rdh1 Kf7 17. Ng5+ Ke8 18. g4 Nf8 19. gxf5 Nxf5 20. Bxf5 Rxf5 21. Nh7 Kd7 22. Rxg6 Rf7 23. Rg8 c5 24. Nxf8+ Rxf8 25. Rxf8 Qxf8 26. Ba3 Rc8 27. Kb1 Qf3 28. Rh7 Ba6 29. dxc5 d4 30. c6+ Rxc6 31. Rxe7+ Kc8 32. Qe4 Qf6 33. Qg4+ Kb8 34. Re8+ Bc8 35. Ne4 Qh6 36. Bd6+ Kb7 37. Re7+ Ka8 38. Qg2 Bf5 39. Re8+ Kb7 40. Bf4 Qh7 41. f3 dxe3 42. Bxe3 Qd7 43. Re5 Qd3+ 44. Kb2 Qxe3 45. Nd6+ 1-0